Currie`s Executors v SoS for Scotland (Record no. 38914)

MARC details
000 -LEADER
fixed length control field 01454cab a2200241 4500
001 - CONTROL NUMBER
control field ABS47620
008 - FIXED-LENGTH DATA ELEMENTS--GENERAL INFORMATION
fixed length control field 090401t1992 xxu||||| |||| 00| 0 eng d
035 ## - SYSTEM CONTROL NUMBER
System control number (Sirsi) u62672
041 ## - LANGUAGE CODE
Language code of text/sound track or separate title eng
245 ## - TITLE STATEMENT
Title Currie`s Executors v SoS for Scotland
260 ## - PUBLICATION, DISTRIBUTION, ETC.
Date of publication, distribution, etc. 1992
350 ## - PRICE (NR) (BK AM CF MU VM SE) [OBSOLETE]
Price 0
490 ## - SERIES STATEMENT
Series statement Scots Law Times
Volume/sequential designation 1992 SLT 69-73(5)
520 ## - SUMMARY, ETC.
Summary, etc. LTS 18 March 1992. The question of the amount of compensation payable for loss or damage incurred as a result of the refusal of scheduled monument consent was referred to the Lands Tribunal. The claimants contended that such loss should be assessed at the date of scheduling. The SoS contended that loss should be assessed as at the date of refusal. The tribunal held that compensation was payable for loss or damage under the Ancient Monuments Act 1979 only as a result of the refusal of scheduled monument consent. C had to prove that depreciation in the value of his interest in land had occurred in consequence thereof. The tribunal held that C were not entitled to compensation and found them liable to the SoS for costs.
650 ## - SUBJECT ADDED ENTRY--TOPICAL TERM
Topical term or geographic name entry element ANCIENT MONUMENTS AND ARCHAEOLOGICAL AREAS ACT 1979 S7
650 ## - SUBJECT ADDED ENTRY--TOPICAL TERM
Topical term or geographic name entry element COMPENSATION
650 ## - SUBJECT ADDED ENTRY--TOPICAL TERM
Topical term or geographic name entry element REFUSAL OF CONSENT
650 ## - SUBJECT ADDED ENTRY--TOPICAL TERM
Topical term or geographic name entry element SCHEDULED MONUMENT CONSENT
690 ## - LOCAL SUBJECT ADDED ENTRY--TOPICAL TERM (OCLC, RLIN)
Topical term or geographic name as entry element ENVIRONMENTAL AND LAND CONSULTANCY-PLANNING AND DEVELOPMENT-COMPULSORY PURCHASE AND COMPENSATION
690 ## - LOCAL SUBJECT ADDED ENTRY--TOPICAL TERM (OCLC, RLIN)
Topical term or geographic name as entry element PLANNING LAW AND PRACTICE-CASE LAW
942 ## - ADDED ENTRY ELEMENTS (KOHA)
Suppress in OPAC 0
948 ## - LOCAL PROCESSING INFORMATION (OCLC); SERIES PART DESIGNATOR (RLIN)
c (OCLC) 04/03/1997
Holdings
Withdrawn status Lost status Source of classification or shelving scheme Damaged status Not for loan Home library Current library Shelving location Date acquired Total Checkouts Full call number Barcode Date last seen Copy number Price effective from Koha item type
    Dewey Decimal Classification     London London Journal article 14/09/1999   ABS47620 62672-1001 06/08/2019 1 06/08/2019 Law report